Faculty of Law Library — Cairo University

Official Online Catalog

النظام القانوني لإفلاس البنوك (دراسة مقارنة بين الاتحاد الأوروبي والولايات المتحدة الأمريكية) / (Record no. 69425)

MARC details
000 -LEADER
fixed length control field 04613nam a2200445 i 4500
003 - CONTROL NUMBER IDENTIFIER
control field EG-GICUC
005 - أخر تعامل مع التسجيلة
control field 20260407150003.0
008 - FIXED-LENGTH DATA ELEMENTS--GENERAL INFORMATION
fixed length control field 260407s2025 ua |||f m||| 00| 0 ara d
040 ## - CATALOGING SOURCE
Original cataloguing agency EG-GICUC
Transcribing agency EG-GICUC
Modifying agency EG-GICUC
Description conventions rda
Language of cataloging: ara
041 0# - LANGUAGE CODE
Language code of text/sound track or separate title ara
Language code of summary or abstract ara
Language code of sung or spoken text ara
049 ## - Acquisition Source
Acquisition Source إهداء
082 04 - DEWEY DECIMAL CLASSIFICATION NUMBER
Classification number 347.15
Edition number 21
097 ## - Degree
Degree Ph.D
099 ## - LOCAL FREE-TEXT CALL NUMBER (OCLC)
Local Call Number Law 05 PHD 2025
100 0# - MAIN ENTRY--PERSONAL NAME
Authority record control number or standard number مصطفي لطفي علي حسن
Preparation مؤلف.
245 10 - TITLE STATEMENT
Title النظام القانوني لإفلاس البنوك (دراسة مقارنة بين الاتحاد الأوروبي والولايات المتحدة الأمريكية) /
Statement of responsibility, etc. إعداد مصطفي لطفي علي حسن؛ إشراف الأستاذ الدكتور سامي عبد الباقي أبو صالح.
264 #0 - PRODUCTION, PUBLICATION, DISTRIBUTION, MANUFACTURE, AND COPYRIGHT NOTICE
Place of production, publication, distribution, manufacture القاهرة:
Name of producer, publisher, distributor, manufacturer كلية الحقوق- جامعة القاهرة،
Date of production, publication, distribution, manufacture, or copyright notice 2025.
300 ## - PHYSICAL DESCRIPTION
Extent 430 صفحة؛
Dimensions 25 سم.
336 ## - CONTENT TYPE
Content type term text
Source rda content
337 ## - MEDIA TYPE
Media type term Computer
Source rda media
338 ## - CARRIER TYPE
Carrier type term Online Resource
Source rda carrier
502 ## - DISSERTATION NOTE
Dissertation note أطروحة (دكتوراة)- جامعة القاهرة، كلية الحقوق، قسم القانون التجاري، 2025.
504 ## - BIBLIOGRAPHY, ETC. NOTE
Bibliography, etc. note ببليوجرافيا: صفحات 404-420
520 3# - SUMMARY, ETC.
Summary, etc. إن إفلاس رجل من أهل المال، هو إطلاق النكبة مسدسها على رجل تقتله، ولكن إفلاس بنك هو إطلاق النكبة مدفعها الكبير على مدينة تدمرها، ولقد تجلت تلك النكية في يوم الأحد الأسود - ١٥ سبتمبر - أيلول من عام ۲۰۰۸م، هكذا وصف اليوم الذي شهد فيه القطاع المصرفي الأمريكي أكبر اقتصاد في العالم وشرياته المالي الرئيسي ؟! واحداً من أكبر الزلازل المالية في تاريخه، فماذا حدث في هذا القطاع الحيوي الذي يعد درة تاج<br/><br/>ولعل الناظر إلى وجوه أولئك الموظفين التي تعلوها الكآبة يلاحظ جانباً من قصة اقتصادية تبدو درامية فهؤلاء الأشخاص وعددهم ۲۵۰۹۳۵ موظفا غادروا مكاتبهم بعد أن حزموا أمتعتهم إثر إفلاس مؤسستهم التي تعد رابع أكبر بنك استثماري في أمريكا بعد بنوك (جولدن مان ساكس ومورجان ستانلي، وميريل لينش إنه بنك ليمان براذرز.<br/><br/>إن انهيار ذلك البنك كان له وقع الصاعقة على القطاع المالي العالمي فينك ليمان براذرز عمره أكبر من قرن ونصف القرن، ولطالما ضرب به المثل في الإفلات سالما من أزمات مالية تاريخية ضخمة مثل أزمة الكساد الكبير الذي ضرب العالم في عشرينيات القرن الماضي، وخلال الحربين العالميتين وأزمة انهيار الديون الروسية عام ۱۹۹۸م، ولكن على الرغم من قدرته على البقاء فإن الأزمة المالية الأخيرة جعلته يجثو على ركبتيه، هذا البنك الذي أسسه ثلاثة إخوة مهاجرين يهود هنرى ليمان وأخواه إيمانويل وماير من تجار القطن عام ۱۸٥٠م، ليكون مؤسسة خدمات مالية دولية. ويقع مقره الرئيسي في ألاباما، بالولايات المتحدة الأمريكية.
546 ## - LANGUAGE NOTE
Text Language النص بالعربية والملخص باللغة الإنجليزية والعربية.
650 04 - SUBJECT ADDED ENTRY--TOPICAL TERM
Topical term or geographic name entry element القانون التجاري
Geographic subdivision الولايات المتحدة الأمريكية
653 #0 - INDEX TERM--UNCONTROLLED
Uncontrolled term الأزمة المالية الأخيرة
653 #0 - INDEX TERM--UNCONTROLLED
Uncontrolled term أزمة الكساد الكبير الذي ضرب العالم
653 #0 - INDEX TERM--UNCONTROLLED
Uncontrolled term القطاع المالي العالمي
653 #0 - INDEX TERM--UNCONTROLLED
Uncontrolled term درة تاج أكبر اقتصاد في العالم وشريانه المالي الرئيسي
653 #0 - INDEX TERM--UNCONTROLLED
Uncontrolled term إفلاس بنك
653 #0 - INDEX TERM--UNCONTROLLED
Uncontrolled term إفلاس رجل من أهل المال
655 #4 - INDEX TERM--GENRE/FORM
Genre/form data or focus term رسائل جامعية
Geographic subdivision جامعة القاهرة
General subdivision القانون التجاري
700 0# - ADDED ENTRY--PERSONAL NAME
Personal name سامي عبد الباقي أبو صالح
Relator term مشرف.
710 2# - ADDED ENTRY--CORPORATE NAME
Corporate name or jurisdiction name as entry element جامعة القاهرة.
Subordinate unit كلية الحقوق
856 ## - ELECTRONIC LOCATION AND ACCESS
Uniform Resource Identifier <a href="https://fll.law.cu.edu.eg/fulltext/th/T05-02880.pdf">https://fll.law.cu.edu.eg/fulltext/th/T05-02880.pdf</a>
900 ## - Thesis Information
Grant date 2025
Universities جامعة القاهرة
Faculties كلية الحقوق
Department قسم القانون التجاري
905 ## - Cataloger and Reviser Names
Cataloger Name: Hoda
942 ## - ADDED ENTRY ELEMENTS (KOHA)
Source of classification or shelving scheme Dewey Decimal Classification
Koha item type Thesis
Edition 21
Suppress in OPAC No
Holdings
Source of classification or shelving scheme Collection Home library Current library Date acquired Full call number Barcode Date last seen Copy number Effective from Koha item type
Dewey Decimal Classification القانون التجاري جــــامعة القــاهرة مكتبة كلية الحقوق - المبنى الرئيسي 07.04.2026 Law1 05 PHD 2025 0502880 C1 T05-02880 07.04.2026 1 07.04.2026 Thesis
Dewey Decimal Classification القانون التجاري جــــامعة القــاهرة مكتبة كلية الحقوق - المبنى الرئيسي 07.04.2026 Law1 05 PHD 2025 0502881 C2 T05-02881 07.04.2026 2 07.04.2026 Thesis
Dewey Decimal Classification القانون التجاري جــــامعة القــاهرة مكتبة كلية الحقوق - فـرع الشيخ زايد 07.04.2026 Law2 05 PHD 2025 0502882 C3 T05-02882 07.04.2026 3 07.04.2026 Thesis

© All rights reserved — Faculty of Law, Cairo University